Statistics for Elements Found In The Human Body

Click here to take the quiz!

General Stats

  • This quiz has been taken 27 times
  • The average score is 13 of 26

Answer Stats

% Of Body WeightElements% Correct
18.5%Carbon
95%
65%Oxygen
95%
9.5%Hydrogen
90%
3.2%Nitrogen
90%
< 0.01%Iron
81%
0.4%Potassium
81%
1.5%Calcium
76%
0.1%Magnesium
76%
< 0.01%Zinc
67%
1.0%Phosphorus
57%
< 0.01%Manganese
52%
0.2%Sodium
52%
0.04%Sulfur
52%
< 0.01%Copper
48%
< 0.01%Boron
43%
< 0.01%Fluorine
43%
< 0.01%Iodine
43%
0.2%Chlorine
38%
< 0.01%Tin
38%
< 0.01%Chromium
29%
< 0.01%Selenium
29%
< 0.01%Silicon
29%
< 0.01%Cobalt
19%
< 0.01%Cadmium
14%
< 0.01%Molybdenum
5%
< 0.01%Vanadium
5%

Score Distribution

Percentile by Number Answered

Percent of People with Each Score

Your Score History

You have not taken this quiz